Normal view
MARC view
Entry Topical Term
001 - CONTROL NUMBER
- control field: 35908
003 - CONTROL NUMBER IDENTIFIER
- control field: OSt
005 - DATE AND TIME OF LATEST TRANSACTION
- control field: 20230223161111.0
008 - FIXED-LENGTH DATA ELEMENTS
- fixed length control field: 230223|| aca||aabn | a|a d
040 ## - CATALOGING SOURCE
- Original cataloging agency: OSt
- Transcribing agency: OSt
150 ## - HEADING--TOPICAL TERM
- Topical term or geographic name entry element: Fiscal decentralisation, Public procurement, Public service provision, Good governance.
670 ## - SOURCE DATA FOUND
- Source citation: Work cat.: (OSt): Kyriacou, A.P. and Sagales, O.R. 35907, Does decentralising public procurement affect the quality of governance? Evidence from local government in Europe
